Avengers Members Real Names by Picture - Statistics

General Stats
  • This quiz has been taken 55 times
  • The average score is 20 of 36
Answer Stats
Picture Answer % Correct
Tony Stark
98%
Peter Parker
96%
Steve Rogers
96%
Bruce Banner
91%
Natasha Romanova
85%
Clint Barton
80%
Thor Odinson/Donald Blake
80%
Bucky Barnes
78%
T'Challa
76%
Wanda Maximoff
76%
Carol Danvers
74%
Scott Lang
72%
James "Rhodey" Rhodes
70%
Logan/James Howlett
70%
Pietro Maximoff
70%
Sam Wilson
67%
Hank Pym
63%
Kamala Khan
63%
Janet Van Dyne
61%
Jennifer Walters
54%
Hank McCoy
50%
Jessica Drew
41%
Dane Whitman
39%
Mar-Vell
39%
Namor McKenzie
39%
Simon Williams
39%
Robert Reynolds
37%
Monica Rambeau
35%
Brian Braddock
33%
Eros
30%
Bobbi Morse
28%
Heather Douglas
26%
Wendell Vaughn
26%
Greer Nelson
24%
Jacques DuQuesne
22%
Rita DeMara
20%
No matching quizzes found
Score Distribution
Percent of People with Each Score
Percentile by Number Answered
Your Score History
You have not taken this quiz